86 Babynamen der Woche 45/25' - Statistiken

Allgemein
  • Dieses Quiz wurde 6 mal gespielt
  • Das Durchschnittsergebnis liegt bei 28 aus 86
Antwortstatistiken
📍 Vorname % Korrekt
I.a ♀️ Ida
100%
J.n ♂️ Jan
100%
La.a ♀️ Lara
100%
L.n ♀️ Lin
100%
Al..a.d.r ♂️ Alexander
75%
At.e.a ♀️ Athena
75%
Ca.l ♂️ Carl
75%
E.i.h ♀️ Edith
75%
Ed.z ♂️ Ediz
75%
El.o ♂️ Elio
75%
Ge.h..d ♂️ Gerhard
75%
J.s.e ♂️ Jesse
75%
Le.n ♂️ Leon
75%
Le.p..d ♂️ Leopold
75%
L.s..d.o ♂️ Lisandro
75%
Ly.e ♀️ Lyne
75%
M.n..l ♂️ Manuel
75%
M.r.a..e ♀️ Marianne
75%
M.i ♀️ Mei
75%
P.b.o ♂️ Pablo
75%
P.t.i.k ♂️ Patrick
75%
Ri.k ♂️ Rick
75%
A.d.e.s ♂️ Andreas
50%
A.t.n..s ♂️ Antonios
50%
Ed..t..u.e ♀️ Edeltraute
50%
Ed.n ♂️ Edon
50%
El.a ♀️ Elsa
50%
G.b.i.l ♂️ Gabriel
50%
L.u ♂️ Lou
50%
Ma.a ♀️ Mara
50%
N.t.l..a ♀️ Natalina
50%
N.c.l.i ♂️ Nicolai
50%
No.h ♂️ Noah
50%
V.l..t.n ♂️ Valentin
50%
Al.a ♀️ Alma
25%
Am.l.o ♂️ Amalio
25%
Am.r.s ♂️ Amaris
25%
Av..a ♀️ Avera
25%
Be.t.e ♂️ Bertie
25%
D.r.a..e ♀️ Darialle
25%
D.a.o ♂️ Draco
25%
E.i.a ♂️ Elija
25%
E.o.a ♀️ Elona
25%
Fe.g.s ♂️ Fergus
25%
G.e.c..n ♀️ Gretchen
25%
J.p.e ♂️ Jeppe
25%
L.a.o ♂️ Leano
25%
Mi.a ♀️ Mira
25%
N.y.l ♂️ Nayel
25%
N.l.o ♂️ Nelio
25%
Ro.e ♀️ Rose
25%
Te.d.r | T.e.d.r ♂️ Teodor | Theodor
25%
Yu.a ♀️ Yuna
25%
A.k.v.a..s ♂️ Alkiviadis
0%
Am..a ♀️ Amaya
0%
A.t.r..s ♂️ Asterios
0%
Av..y ♀️ Avery
0%
B.r.n..e ♀️ Berenike
0%
Cl.r.n.e ♂️ Clarence
0%
El.a ♀️ Elva
0%
E.i.a ♀️ Enisa
0%
Et.a ♀️ Etna
0%
Fi.s ♂️ Fips
0%
Fr.e.a ♀️ Frieda
0%
H.s..i ♂️ Hasini
0%
J.m..a ♀️ Jimena
0%
Ke.d.l ♀️ Kendal
0%
Le.e ♂️ Leke
0%
L.n.o ♂️ Lenjo
0%
L.s.a ♀️ Lisha
0%
M.e..a ♀️ Maelia
0%
M.l.a ♀️ Malea
0%
M.r.i ♂️ Marni
0%
M.t.s.e ♀️ Matisse
0%
Ma.i ♀️ Mavi
0%
M.n..a ♀️ Minela
0%
N.y.a ♀️ Nayla
0%
Ol.w.b.s.l..i ♀️ Oluwabusolami
0%
P.l..a ♀️ Paloma
0%
R.c..n ♂️ Rochan
0%
Sa.s.b..a ♀️ Salsabila
0%
Sh.a.a ♀️ Sheana
0%
T.b.r.k ♂️ Tabarak
0%
T.l..e ♀️ Taline
0%
Ti.o ♂️ Tido
0%
W.l.o ♂️ Wilko
0%
Keine übereinstimmenden Quizze gefunden
Verteilung der Resultate
Anzahl Personen mit jedem Resultat
Perzentil nach korrekt beantworteten Fragen
Ihre Resultats-Entwicklung
Sie haben dieses Quiz noch nicht gespielt